000
00322nam a22001337a 4500
999
_c
534188
_d
534188
020
_a
978-9693509588
040
_c
MSOHAIL
082
_a
891.4393
100
_a
Mustansar Hussain Tarar
_9
9703
245
_a
Shehpar / شہپر
260
_a
Lahore
_b
Sang-E-Meel Publications
_c
c2007
300
_a
150;p
942
_2
ddc
_c
BK